Religion Quiz

Random Religion or Church Quiz

Clickable Sporcle Quiz Show: Religion Stats

 Plays Quiz Updated Jul 28, 2017

Support Sporcle.
Go Orange.
Score 0/30 Timer 10:00
4 Plays Today
% Correct
ROMAN
CATHOLIC
86.1%
POSEIDON
85.7%
BUDDHISM
85.3%
DOG
83.8%
CHRISTIANITY
83.4%
LUTHER
82.5%
SHINTO
82.5%
JUDAISM
82.3%
RA
82.1%
BULL
81.6%
HADES
81.2%
RASPUTIN
81.1%
LION
78.8%
MENDEL
78.5%
HERMES
78.3%
% Correct
HINDU
78.1%
ISLAM
77.9%
LUTHERAN
77.7%
ARES
75.2%
ANUBIS
73.3%
HEPHAESTUS
73.3%
SERPENT
73.2%
TENZIN GYATSO
72.1%
SIKHISM
70.3%
ANGLICAN
69.8%
THICH
QUANG DUC
66.6%
THOTH
65.6%
HORSE
60.5%
TAWARET
59.7%
HORUS
56.7%

You're not logged in!

Compare scores with friends on all Sporcle quizzes.
OR
Log In

From the Vault

Words Ending in 'AA' to 'AZ'

by Chenchilla

Take a deep breath...Ahaaaa.
Remove Ads.
Support Sporcle.
Get the best of Sporcle when you Go Orange. This ad-free experience offers more features, more stats, and more fun while also helping to support Sporcle. Thank you for becoming a member.

Show Comments

Extras

Top Quizzes Today


Score Distribution

Your Account Isn't Verified!

In order to create a playlist on Sporcle, you need to verify the email address you used during registration. Go to your Sporcle Settings to finish the process.

Report this User

Report this user for behavior that violates our Community Guidelines.

Details: